<?xml version="1.0" encoding="UTF-8"?>
<record
    xmlns:xsi="http://www.w3.org/2001/XMLSchema-instance"
    xsi:schemaLocation="http://www.loc.gov/MARC21/slim http://www.loc.gov/standards/marcxml/schema/MARC21slim.xsd"
    xmlns="http://www.loc.gov/MARC21/slim">

  <leader>02197agaaa2200313   4500</leader>
  <controlfield tag="001">7954</controlfield>
  <controlfield tag="003">IT-RoPAU</controlfield>
  <controlfield tag="005">20220918181228.0</controlfield>
  <controlfield tag="007">d cvaizq</controlfield>
  <controlfield tag="008">50131s9999||||xx ||| |     ||   ||und||</controlfield>
  <datafield tag="040" ind1=" " ind2=" ">
    <subfield code="a">IT-RoPAU</subfield>
    <subfield code="c">IT-RoPAU</subfield>
  </datafield>
  <datafield tag="041" ind1=" " ind2=" ">
    <subfield code="a">ITALIANO</subfield>
  </datafield>
  <datafield tag="100" ind1=" " ind2=" ">
    <subfield code="a">Torre Roberta</subfield>
    <subfield code="g">Codice regista SPICS: 59180</subfield>
    <subfield code="9">39449</subfield>
  </datafield>
  <datafield tag="130" ind1=" " ind2=" ">
    <subfield code="a">TANO DA MORIRE</subfield>
    <subfield code="9">39450</subfield>
  </datafield>
  <datafield tag="245" ind1=" " ind2=" ">
    <subfield code="a">TANO DA MORIRE</subfield>
    <subfield code="c">Prodotto da: Palermo Donatella -- Sceneggiatura: Torre Roberta Sodaro Gianluca Paglino Enzo -- Diretto da: Torre Roberta</subfield>
    <subfield code="p">TANO DA MORIRE (Rif. Codice opera principale : H7954)</subfield>
  </datafield>
  <datafield tag="250" ind1=" " ind2=" ">
    <subfield code="a">Edizione Standard</subfield>
  </datafield>
  <datafield tag="260" ind1=" " ind2=" ">
    <subfield code="a">(ITALIA)</subfield>
    <subfield code="b">A.S.P. - RAI TRE - DANIA FILM - LUCKY RED - TEL / Distribuzione: MULTIMEDIA SAN PAOLO</subfield>
    <subfield code="g">"1997 (1&#xB0; ed.: 2007 ; Ed. Lingua Orig.: 1997)"</subfield>
  </datafield>
  <datafield tag="300" ind1=" " ind2=" ">
    <subfield code="a">DVD</subfield>
    <subfield code="b">sonoro, col.</subfield>
    <subfield code="c">75 minuti</subfield>
  </datafield>
  <datafield tag="508" ind1=" " ind2=" ">
    <subfield code="a">"Fotografia: Cipri' Daniele; Montaggio: Franchini Giorgio; Musica: D'Angelo Nino; Sceneggiatura: Torre Roberta Sodaro Gianluca Paglino Enzo; Scenografia: Russo Claudio Lupo F; "</subfield>
  </datafield>
  <datafield tag="511" ind1=" " ind2=" ">
    <subfield code="a">"Guarino Ciccio; Paglino Enzo; De; Rosalia Mimma; Aliotta Maria; Confalone Anna; M."</subfield>
  </datafield>
  <datafield tag="520" ind1=" " ind2=" ">
    <subfield code="a">A PALERMO TANO GUARRASI VIENE UCCISO PER MANO DI UN KILLER MANDATO DAI CORLEONESI DURANTE LA SANGUINOSA GUERRA DI MAFIA DEL 1988. UNA DELLE SUE SORELLE, FRANCA, DONNA PROSPEROSA E CORAGGIOSA, BENCHE' ARRIVATA AD OLTRE QUARANTA ANNI, DECIDE FINALMENTE DI SPOSARSI. MA TANO, INTENZIONATO A TUTELARE ANCORA LA SORELLA, IL GIORNO DELLE NOZZE SI FA SENTIRE DALL'ALDILA'. INTORNO TUTTO IL QUARTIERE PARTECIPA AGLI EVENTI: LE DONNE DAL PARRUCCHIERE, I LAVORATORI AI BANCHI DEL MERCATO, LE IPOTESI GIORNALISTICHE E TELEVISIVE. LA STORIA DI TANO VIENE FUORI A POCO A POCO IN FLASHBACK, RACCONTATA DA AMICI, PARENTI E CONOSCENTI. IL PRIMO MUSICAL SULLA MAFIA. CONTRIBUTI EXTRA: BACKSTAGE E INTERVISTE.</subfield>
  </datafield>
  <datafield tag="538" ind1=" " ind2=" ">
    <subfield code="a">PAL, STEREO</subfield>
  </datafield>
  <datafield tag="546" ind1=" " ind2=" ">
    <subfield code="a">ITALIANO</subfield>
  </datafield>
  <datafield tag="650" ind1=" " ind2=" ">
    <subfield code="a">MUSICALE</subfield>
    <subfield code="e">DVD-FILM [DVD]</subfield>
    <subfield code="x">Codice MATERIA SPICS: 9947</subfield>
    <subfield code="9">39451</subfield>
  </datafield>
  <datafield tag="700" ind1=" " ind2=" ">
    <subfield code="a">D'Angelo Nino</subfield>
    <subfield code="e">(musica)</subfield>
    <subfield code="g">Codice Musica SPICS: 9792</subfield>
    <subfield code="9">39452</subfield>
  </datafield>
  <datafield tag="700" ind1=" " ind2=" ">
    <subfield code="a">Torre Roberta </subfield>
    <subfield code="e">(regista)</subfield>
    <subfield code="g">Codice regista SPICS: 59180</subfield>
    <subfield code="9">39453</subfield>
  </datafield>
  <datafield tag="700" ind1=" " ind2=" ">
    <subfield code="a">Torre Roberta </subfield>
    <subfield code="e">(soggetto)</subfield>
    <subfield code="g">Codice Soggetto SPICS: 59180</subfield>
    <subfield code="9">39454</subfield>
  </datafield>
  <datafield tag="942" ind1=" " ind2=" ">
    <subfield code="c">DV</subfield>
    <subfield code="2">ddc</subfield>
  </datafield>
  <datafield tag="999" ind1=" " ind2=" ">
    <subfield code="c">105097</subfield>
    <subfield code="d">105097</subfield>
  </datafield>
  <datafield tag="952" ind1=" " ind2=" ">
    <subfield code="0">0</subfield>
    <subfield code="1">0</subfield>
    <subfield code="4">0</subfield>
    <subfield code="6">H_7954_000000000000000</subfield>
    <subfield code="7">1</subfield>
    <subfield code="a">SPICS</subfield>
    <subfield code="b">SPICS</subfield>
    <subfield code="d">2015-01-31</subfield>
    <subfield code="l">0</subfield>
    <subfield code="o">H7954</subfield>
    <subfield code="r">2015-01-31 00:00:00</subfield>
    <subfield code="w">2015-01-31</subfield>
    <subfield code="y">DV</subfield>
    <subfield code="z">Progr. Ins.: 3635 / N.Vol.:1 / Copie: 1 / Pag.:0 / Copia rara: n.d. / date import: 1.2.2015 / By Epidotti, Trombetti, Vaglietti</subfield>
  </datafield>
</record>
